000 01651cam a2200277 4500
001 ABS68648
008 050125n2004 000 0 eng u
035 _a(Sirsi) u128607
100 _aSandham, J.A.
245 _aAlienation covenants and the Landlord and Tenant Act 1988: it ain't over until the landlord consents
260 _c2004
490 _aConveyancer and Property Lawyer
_v(68) November/December 2004, 453-481(29)
520 _aQuestions whether the Landlord and Tenant Act 1988 has succeeded in settling the problems with alienation covenants that it was designed to solve. Examines how easily landlords could refuse consent to assign or sublet commercial leases before the 1988 Act. Scrutinises the Law Commission's efforts to change the law. Reviews case law in which the Act has been applied and highlights issues that the Law Commission has failed to address. Discusses the concept of reasonableness in respect of the landlord's refusal and the use of collateral deeds. Considers whether the Act is only applicable in respect of actions for breach of statutory duty, requests for further information and the issues raised by the adoption of the Landlord and Tenant (Covenants) Act 1995.
590 _aABS
590 _aABS
650 _aLANDLORD AND TENANT (COVENANTS) ACT 1995 S22
650 _aLANDLORD AND TENANT ACT 1988
650 _aLANDLORD AND TENANT ACT 1927 S19
650 _aLAW OF PROPERTY ACT 1925 S146
650 _aCIVIL PROCEDURE RULES 1998
650 _aCOMMERCIAL LEASES
650 _aALIENATION CLAUSES
650 _aREASONABLE BEHAVIOUR
690 _aLANDLORD AND TENANT
_96252
942 _n0
999 _c118487
_d118487